000 01808nkm a2200397 i 4500
001 3456
003 ES-MaACL
005 20250824044133.0
007 khrbo
008 051031s1985 sp --- g |001||spa d
100 0 _aAlfonso,
_d1902-1990
_919858
245 1 0 _aLectura dramatizada de "La voz de ayer perdida" de Enrique Lenza [
_hFotografía] /
_cAlfonso (sello).
260 _a[S.l. :
_bs.n.],
_c1985.
300 _a4 fot. :
_bb. y n. ;
_c12 x 18 cm.
500 _aDatos basados en invitación.
511 0 _aIntervienen: Concha Goyanes, Ángel Egido, Julia Trujillo, José Lahoz y del Grupo Primer Estudio (Hilda Blanco, Carlos Almansa, Joaquín Amores, Marcial Díaz Leno, Luis Dorrego, José Luis García, José Luis González)
518 _aActo organizado por la Sección de Teatro del Ateneo de Madrid en colaboración con la librería de teatro "La Avispa", celebrado en el salón de actos el miércoles, 24 de abril de 1985, a las 20:00 h.
600 1 4 _aGoyanes, Concha.
_959398
600 1 4 _aEgido, Ángel.
_946730
600 1 4 _aTrujillo, Julia.
_9111568
600 1 4 _aLahoz, José.
_969648
600 1 4 _aBlanco, Hilda.
_929181
600 1 4 _aAlmansa, Carlos.
_920085
600 1 4 _aAmores, Joaquín.
_921301
600 1 4 _aDíaz Leno, Marcial.
_944320
600 1 4 _aDorrego, Luis.
_945426
600 1 4 _aGarcía, José Luis.
_954047
600 1 4 _aGonzález, José Luis.
_958335
610 2 4 _aGrupo Primer Estudio (Grupo teatral)
_94536
610 2 4 _aAteneo de Madrid-
_xActos culturales-
_y1985-
_vFotografías.
_91900
710 2 _aAteneo de Madrid.
_bSección de Teatro.
_92010
710 2 _aLa Avispa (Madrid)
_95450
852 _aES-MaACL
_jFOT 20/1985
856 4 _uhttp://www.ateneodemadrid.net/biblioteca_digital/imagenes/1985/0020-1985.jpg
_zVer imagen
999 _c3456
_d3456